Score 0/10 Timer 03:00
2 Plays Today
% Correct
Gandalf
95.9%
Nick Carraway
83%
Huckleberry Finn
80.6%
Don Quixote
74.4%
Ishmael
72.4%
Pip
56.9%
Tom Joad
23.7%
Victor Frankenstein
23.3%
Holden Caulfield
22.3%
Dean Moriarty
12.4%
Remove Ads.
Support Sporcle.
Get the best of Sporcle when you Go Orange. This ad-free experience offers more features, more stats, and more fun while also helping to support Sporcle. Thank you for becoming a member.

You're not logged in!

Compare scores with friends on all Sporcle quizzes.
OR
Log In

Show Comments

Extras

Top Quizzes Today


Score Distribution

Your Account Isn't Verified!

In order to create a playlist on Sporcle, you need to verify the email address you used during registration. Go to your Sporcle Settings to finish the process.

Report this User

Report this user for behavior that violates our Community Guidelines.

Details: